[Event "32. Münsterland Open"]
[Site "Senden, Deutschland"]
[Date "2014.10.14"]
[Round "5.10"]
[White "Kummerow, Heiko"]
[Black "Peterwitz, Klaus"]
[Result "1-0"]
[WhiteElo "2266"]
[BlackElo "2125"]
[PlyCount "53"]
[EventDate "2014.??.??"]
[WhiteTeam "Recklinghäuser Läufer-Ost"]
[BlackTeam "SV Bargteheide"]

1. e4 d5 2. exd5 Qxd5 3. Nc3 Qa5 4. d4 c6 5. Nf3 Bf5 6. Bc4 Nf6 7. Bd2 e6 8.
Nd5 Qd8 9. Nxf6+ gxf6 10. O-O Nd7 11. Re1 Qc7 12. Nh4 Bg6 13. g3 O-O-O 14. c3
Bd6 15. Bf1 f5 16. b4 e5 17. Bh3 f4 18. dxe5 fxg3 19. hxg3 Bxe5 20. Rxe5 Qxe5
21. Bf4 Qe7 22. Qa4 f5 23. Qxa7 Ne5 24. Nxf5 Bxf5 25. Bxf5+ Kc7 26. Qa5+ b6 27.
Qa7+ 1-0

[Event "32. Münsterland Open"]
[Site "Senden, Deutschland"]
[Date "2014.10.15"]
[Round "6.1"]
[White "Podzielny, Karl-Heinz"]
[Black "Zaragatski, Ilja"]
[Result "0-1"]
[WhiteElo "2451"]
[BlackElo "2472"]
[PlyCount "142"]
[EventDate "2014.??.??"]
[WhiteTeam "SV Letmathe"]
[BlackTeam "SF Katernberg"]

1. Nf3 Nf6 2. b3 b6 3. g3 Bb7 4. Bg2 e6 5. c4 c5 6. Bb2 Be7 7. O-O O-O 8. Nc3
a6 9. e3 d6 10. d4 Qc7 11. Re1 Ne4 12. Qc2 Nxc3 13. Bxc3 Nd7 14. Rad1 cxd4 15.
Rxd4 Bf6 16. Rd2 Be4 17. Qb2 Qb7 18. Nh4 Bxh4 19. Bxe4 Qxe4 20. Rd4 Qc6 21.
Rxh4 e5 22. Qc2 h6 23. Qf5 Nc5 24. e4 b5 25. Qg4 Qc8 26. Qe2 Qe6 27. f4 bxc4
28. f5 Qf6 29. Qxc4 Rac8 30. Re3 Qg5 31. Qe2 Rc6 32. Rh5 Qe7 33. Rf3 f6 34. g4
Rfc8 35. Bd2 Nd7 36. Rhh3 d5 37. exd5 Qc5+ 38. Rf2 Qxd5 39. Rd3 Qf7 40. Be3 e4
41. Rd4 Ne5 42. Rd1 a5 43. Kh1 Kh7 44. Rg2 Rc2 45. Rd2 Rc1+ 46. Rd1 R1c2 47.
Rd2 R2c3 48. Rd1 Nf3 49. Bb6 Qb7 50. Be3 Qc7 51. Bf2 Qc6 52. Be3 Rc2 53. Qf1
Qc3 54. Bf4 Re8 55. Qc4 Rd8 56. Rf1 Qxc4 57. bxc4 Rxc4 58. Re2 Rd3 59. Kg2 Rdc3
60. Rd1 Nh4+ 61. Kg1 h5 62. gxh5 Nxf5 63. Rd5 Nd4 64. Re3 Rc2 65. Kf1 Nf3 66.
Re2 Rxe2 67. Kxe2 Ra4 68. Rd7 Nd4+ 69. Ke1 Nf5 70. Rd5 Nh4 71. Rd7 Ng2+ 0-1

[Event "32. Münsterland Open"]
[Site "Senden, Deutschland"]
[Date "2014.10.15"]
[Round "6.2"]
[White "Gutman, Lev"]
[Black "Böhm, Jürgen"]
[Result "1/2-1/2"]
[WhiteElo "2415"]
[BlackElo "2172"]
[PlyCount "98"]
[EventDate "2014.??.??"]
[WhiteTeam "SV Lingen"]
[BlackTeam "SF Brackel"]

1. Nf3 d5 2. d4 Nf6 3. c4 c6 4. Qb3 dxc4 5. Qxc4 Bf5 6. g3 e6 7. Bg2 Be7 8. O-O
O-O 9. e3 Nbd7 10. Qe2 Ne4 11. Rd1 Qa5 12. Nfd2 Nxd2 13. Bxd2 Qb6 14. Nc3 Bc2
15. Rdc1 Bg6 16. Na4 Qd8 17. b4 e5 18. b5 exd4 19. bxc6 bxc6 20. exd4 Re8 21.
Be3 Bf6 22. Qd2 Be4 23. Bxe4 Rxe4 24. Qc2 Re6 25. Rab1 Rb8 26. Rxb8 Qxb8 27.
Rb1 Qe8 28. Rb7 h5 29. Qd3 g6 30. Rxa7 Kg7 31. Nc5 Nxc5 32. dxc5 h4 33. Kg2 Re4
34. Qd7 Qxd7 35. Rxd7 hxg3 36. hxg3 Ra4 37. Rc7 Ra6 38. Kf3 Bd8 39. Rc8 Be7 40.
Kf4 Kf6 41. Rb8 Ke6 42. Rb6 Ra4+ 43. Kf3 Kd5 44. Rb7 Ke6 45. Rb2 Ra5 46. Rc2
Kd5 47. Rd2+ Ke6 48. Re2 Kd5 49. Rd2+ Ke6 1/2-1/2

[Event "32. Münsterland Open"]
[Site "Senden, Deutschland"]
[Date "2014.10.15"]
[Round "6.4"]
[White "Steinle, Carsten"]
[Black "Sazanov, Nikolay E"]
[Result "0-1"]
[WhiteElo "2141"]
[BlackElo "2262"]
[PlyCount "110"]
[EventDate "2014.??.??"]
[WhiteTeam "SV Ahlen"]
[BlackTeam "SC Steinfurt"]

1. b3 d5 2. Bb2 Bg4 3. g3 e6 4. Bg2 f5 5. c4 Nf6 6. f3 Bh5 7. Nh3 Be7 8. O-O
O-O 9. Qc2 d4 10. Nf4 Bf7 11. Nd3 c5 12. Na3 Nc6 13. f4 Ne4 14. Rae1 Bg6 15.
Nb1 Qd6 16. Ba3 b6 17. Nf2 e5 18. Nh3 Rac8 19. d3 Nf6 20. fxe5 Nxe5 21. Bc1
Neg4 22. Bf4 Qd7 23. e3 Nxe3 24. Bxe3 dxe3 25. Nc3 Ng4 26. Nf4 Bf6 27. h3 Bd4
28. Bd5+ Bf7 29. hxg4 Bxd5 30. Ncxd5 e2+ 31. Rf2 fxg4 32. Rexe2 g5 33. Ne7+ Kh8
34. Nxc8 gxf4 35. Kf1 Bxf2 36. Rxf2 Qxc8 37. Qc3+ Kg8 38. Qe5 Qf5 39. Qxf5 Rxf5
40. gxf4 h5 41. Ke2 Kg7 42. Ke3 Kg6 43. Rd2 h4 44. d4 cxd4+ 45. Rxd4 h3 46.
Rd6+ Kh5 47. Rd8 Kh4 48. Ke4 Rh5 49. Rd2 Kg3 50. Rd3+ Kf2 51. Rd2+ Ke1 52. Rb2
h2 53. Rb1+ Kd2 54. Rh1 Ke2 55. f5 g3 0-1

[Event "32. Münsterland Open"]
[Site "Senden, Deutschland"]
[Date "2014.10.15"]
[Round "6.5"]
[White "Kammers, Heribert"]
[Black "Karpatchev, Aleksandr"]
[Result "0-1"]
[WhiteElo "2163"]
[BlackElo "2442"]
[PlyCount "54"]
[EventDate "2014.??.??"]
[WhiteTeam "SK Münster"]
[BlackTeam "SF Bad Mergentheim"]

1. d4 d6 2. Nf3 g6 3. c4 Bg7 4. e3 Nd7 5. Be2 e5 6. O-O e4 7. Nfd2 f5 8. Qb3
Ngf6 9. f3 exf3 10. Bxf3 c6 11. Nc3 O-O 12. e4 Ng4 13. Ne2 c5 14. exf5 gxf5 15.
Bxb7 Rb8 16. Bd5+ Kh8 17. Qh3 Qe8 18. Ne4 fxe4 19. Qxg4 Rxf1+ 20. Kxf1 Nf6 21.
Qf4 Nxd5 22. Qxd6 Bg4 23. Qxd5 Bxe2+ 24. Kxe2 cxd4 25. Bg5 Rxb2+ 26. Ke1 d3 27.
Rd1 Re2+ 0-1

[Event "32. Münsterland Open"]
[Site "Senden, Deutschland"]
[Date "2014.10.15"]
[Round "6.6"]
[White "Dahm, Jochen"]
[Black "Verfürth, Thomas"]
[Result "0-1"]
[WhiteElo "2282"]
[BlackElo "2156"]
[PlyCount "85"]
[EventDate "2014.??.??"]
[WhiteTeam "SG Bochum"]
[BlackTeam "SK Turm Kleve"]

1. e4 c5 2. Nf3 d6 3. d4 cxd4 4. Nxd4 Nf6 5. Nc3 g6 6. Bc4 Nc6 7. O-O Bg7 8.
Re1 O-O 9. Nb3 Ne5 10. Bf1 Bg4 11. f3 Be6 12. Nd5 Rc8 13. a4 Bxd5 14. exd5 Qc7
15. c3 Rfe8 16. a5 a6 17. Ra4 Ned7 18. Be3 b5 19. axb6 Nxb6 20. Rd4 Nfxd5 21.
Rxd5 Nxd5 22. Qxd5 e6 23. Qd2 Rb8 24. Nc1 a5 25. Nd3 Rb3 26. Qc2 Reb8 27. Rc1
a4 28. Ra1 Qc6 29. Ra2 a3 30. bxa3 Rxc3 31. Qd1 Qd5 32. Qe2 Rxd3 33. Qxd3 Qxa2
34. Qxd6 Ra8 35. Qc6 Qxa3 36. Bf2 Qa1 37. Qc4 Rd8 38. Qc7 Rd1 39. Qc8+ Bf8 40.
Qc4 Qc1 41. Qb5 Rd5 42. Qb8 Kg7 43. Qb3 0-1

[Event "32. Münsterland Open"]
[Site "Senden, Deutschland"]
[Date "2014.10.15"]
[Round "6.7"]
[White "Krüger, Andre"]
[Black "Kummerow, Heiko"]
[Result "0-1"]
[WhiteElo "2163"]
[BlackElo "2266"]
[PlyCount "98"]
[EventDate "2014.??.??"]
[WhiteTeam "SV Mülheim-Nord"]
[BlackTeam "Recklinghäuser Läufer-Ost"]

1. d4 Nf6 2. Bg5 Ne4 3. Bf4 c5 4. f3 Nf6 5. dxc5 b6 6. e4 bxc5 7. Nc3 Nc6 8.
Qd2 d6 9. Bb5 Bd7 10. Nge2 g6 11. Bxc6 Bxc6 12. e5 dxe5 13. Qxd8+ Rxd8 14. Bxe5
Bh6 15. Rd1 Rxd1+ 16. Nxd1 O-O 17. Bf4 Bxf4 18. Nxf4 e5 19. Nd3 e4 20. Ne5 Bb7
21. f4 Nd5 22. Rf1 Re8 23. c4 Nxf4 24. Nxf7 Nxg2+ 25. Ke2 e3 26. Nh6+ Kg7 27.
Ng4 Bc8 28. Ngxe3 Bh3 29. Rf2 g5 30. Kd2 Nf4 31. Kc3 Be6 32. Rd2 h5 33. Nd5
Bxd5 34. cxd5 g4 35. Nf2 Kf6 36. Kc4 Kf5 37. Kxc5 h4 38. d6 g3 39. hxg3 hxg3
40. d7 Rg8 41. Nd1 Ke4 42. Kc6 g2 43. Rxg2 Nxg2 44. Kc7 Nf4 45. Kd6 Rg6+ 46.
Ke7 Nd5+ 47. Ke8 Rg8+ 48. Kf7 Rd8 49. Nc3+ Ke5 0-1

[Event "32. Münsterland Open"]
[Site "Senden, Deutschland"]
[Date "2014.10.15"]
[Round "6.8"]
[White "Ljuboschiz, Alexander"]
[Black "Torres-Kuckel, Rafael"]
[Result "1/2-1/2"]
[WhiteElo "2149"]
[BlackElo "2259"]
[PlyCount "71"]
[EventDate "2014.??.??"]
[WhiteTeam "SV Würselen"]
[BlackTeam "SV Ahlen"]

1. e4 c5 2. Nf3 e6 3. d4 cxd4 4. Nxd4 a6 5. Nd2 Qc7 6. Bd3 Nf6 7. O-O d6 8. Qe2
Be7 9. Kh1 b6 10. f4 Nbd7 11. N2f3 Bb7 12. Bd2 g6 13. e5 Ng4 14. Rae1 Nc5 15.
h3 Nxd3 16. cxd3 h5 17. Rc1 Qd7 18. Bc3 dxe5 19. Nxe5 Nxe5 20. Qxe5 Rf8 21. Qe2
Rd8 22. Rcd1 Qd5 23. a3 Rc8 24. Nc2 a5 25. Ne3 Qb5 26. Be5 Rd8 27. Nc4 Bd5 28.
Rc1 a4 29. Rc2 f6 30. Bc3 Kf7 31. Re1 Rfe8 32. Qf2 Bc5 33. Qh4 Be7 34. Qf2 Bc5
35. Qh4 Be7 36. Qf2 1/2-1/2

[Event "32. Münsterland Open"]
[Site "Senden, Deutschland"]
[Date "2014.10.15"]
[Round "6.9"]
[White "Rott, Georg"]
[Black "Holtel, Jasper"]
[Result "1-0"]
[WhiteElo "2175"]
[BlackElo "1987"]
[PlyCount "103"]
[EventDate "2014.??.??"]
[WhiteTeam "SK Münster"]
[BlackTeam "SK Münster"]

1. e4 c5 2. Nf3 d6 3. Bb5+ Nd7 4. c4 a6 5. Ba4 Ngf6 6. Nc3 e6 7. d4 cxd4 8.
Qxd4 Be7 9. O-O O-O 10. Bg5 Qc7 11. Rac1 Rd8 12. Bc2 b6 13. b3 Bb7 14. h3 Rac8
15. Bb1 Qb8 16. Qe3 Nc5 17. Rfe1 Ba8 18. Qe2 Qb7 19. b4 Ncd7 20. Bd3 Qb8 21. a3
Bb7 22. Qe3 Re8 23. Na4 Bc6 24. Nc3 Qa8 25. Nd4 Ne5 26. Bf1 Bd7 27. Nd1 Nc6 28.
Nb3 Qb7 29. f4 h6 30. Bh4 d5 31. cxd5 exd5 32. e5 Ne4 33. Bxe7 Nxe7 34. Nd4
Rxc1 35. Qxc1 Rc8 36. Qe3 h5 37. Bd3 Nf5 38. Nxf5 Bxf5 39. Qd4 Ng3 40. Ne3 Be4
41. Bxe4 dxe4 42. Nc4 Qe7 43. Nxb6 Rc2 44. Qd7 Qxd7 45. Nxd7 h4 46. Nc5 e3 47.
Nxa6 Rc4 48. Nc5 Rxf4 49. Nd3 Rf5 50. b5 e2 51. b6 Rf1+ 52. Kh2 1-0

[Event "32. Münsterland Open"]
[Site "Senden, Deutschland"]
[Date "2014.10.15"]
[Round "6.10"]
[White "Quante, Lennart"]
[Black "Seegers, Hendrik"]
[Result "1/2-1/2"]
[WhiteElo "2097"]
[BlackElo "2200"]
[PlyCount "70"]
[EventDate "2014.??.??"]
[WhiteTeam "SK Münster"]
[BlackTeam "SF Neuenkirchen"]

1. d4 d5 2. c4 e6 3. Nc3 c6 4. e4 Bb4 5. e5 Nd7 6. a3 Bxc3+ 7. bxc3 Ne7 8. Nf3
Qa5 9. Bd2 O-O 10. cxd5 Qxd5 11. Bd3 c5 12. Qc2 (12. Bxh7+ Kxh7 13. Ng5+ Kg6
14. h4 f5 15. h5+ Kh6 16. Bf4 $40) 12... h6 13. Rb1 cxd4 14. cxd4 Qc6 15. Qd1
Nd5 16. Rc1 Qb6 17. O-O Qd8 18. Qe2 Re8 19. g4 $6 Nf8 20. Kh1 Bd7 21. Rg1 Rc8
22. Rxc8 Qxc8 23. g5 hxg5 $2 (23... h5) 24. Nxg5 Bc6 25. f3 Qc7 26. Qg2 f5 27.
exf6 Nxf6 28. Bb4 a5 29. Bd6 $2 (29. Bxf8 Kxf8 30. Bg6 $18 Re7 31. Bf7 Bd5 32.
Nh7+ Kxf7 33. Qxg7+ Ke8 34. Nxf6+ Kd8 35. Qf8+ Re8 36. Qxe8#) 29... Qxd6 30.
Nf7 Bxf3 31. Nh6+ Kh8 32. Nf7+ Kg8 33. Nh6+ Kh8 34. Qxf3 Qd5 (34... Re7 $5 $15)
35. Nf7+ Kg8 1/2-1/2

[Event "32. Münsterland Open"]
[Site "Senden, Deutschland"]
[Date "2014.10.16"]
[Round "7.1"]
[White "Zaragatski, Ilja"]
[Black "Pähtz, Thomas"]
[Result "1/2-1/2"]
[WhiteElo "2472"]
[BlackElo "2362"]
[PlyCount "88"]
[EventDate "2014.??.??"]
[WhiteTeam "SF Katernberg"]
[BlackTeam "Ilmenauer SV"]

1. Nf3 Nf6 2. g3 g6 3. Bg2 Bg7 4. O-O O-O 5. c4 d6 6. d4 c6 7. Nc3 Bf5 8. Nh4
Be6 9. d5 cxd5 10. cxd5 Bd7 11. Be3 Na6 12. a3 Ng4 13. Bd2 Rc8 14. Rc1 Ne5 15.
b3 h6 16. Be4 Nc5 17. Bc2 Bh3 18. Re1 Ncd7 19. Ng2 Nf6 20. Nf4 Bd7 21. f3 Qa5
22. Na4 Qa6 23. Kh1 b5 24. Nc3 Qxa3 25. Nd3 Nxd3 26. Bxd3 Qa6 27. e4 Qb7 28.
Qe2 a6 29. Na2 Rxc1 30. Nxc1 Rc8 31. b4 e6 32. dxe6 Bxe6 33. Bf4 Qc6 34. Qd2
Nh5 35. Ne2 Nxf4 36. Qxf4 Qb6 37. Kg2 Bc4 38. Rd1 Rc6 39. Qd2 Kh7 40. Nf4 Qd4
41. Bxc4 Qxd2+ 42. Rxd2 bxc4 43. Nd5 c3 44. Rc2 f5 1/2-1/2

[Event "32. Münsterland Open"]
[Site "Senden, Deutschland"]
[Date "2014.10.16"]
[Round "7.2"]
[White "Sazanov, Nikolay E"]
[Black "Podzielny, Karl-Heinz"]
[Result "0-1"]
[WhiteElo "2262"]
[BlackElo "2451"]
[PlyCount "102"]
[EventDate "2014.??.??"]
[WhiteTeam "SC Steinfurt"]
[BlackTeam "SV Letmathe"]

1. d4 c5 2. e3 g6 3. f4 cxd4 4. exd4 Bg7 5. Nf3 b6 6. c3 Bb7 7. Bd3 Nf6 8. f5
Ne4 9. fxg6 hxg6 10. Bf4 d5 11. Nbd2 Nd7 12. Qe2 Ndf6 13. O-O Rh5 14. Ne5 Qc8
15. Nxe4 dxe4 16. Bb5+ Kf8 17. g4 Rxe5 18. Bxe5 Qxg4+ 19. Qxg4 Nxg4 20. Bf4 a6
21. Be2 Nh6 22. Rae1 b5 23. Bd1 f5 24. Bb3 Nf7 25. Bxf7 Kxf7 26. Kf2 Bd5 27. a3
Bf6 28. Rg1 Rh8 29. Re2 Rh5 30. Ke1 g5 31. Bc7 f4 32. Kd2 Ke6 33. Kc2 Kf5 34.
b3 e3 35. Rf1 Ke4 36. Rfe1 Kf3 37. Be5 Be4+ 38. Kc1 Bxe5 39. dxe5 Bd3 40. Rb2
Ke4 41. a4 f3 42. axb5 axb5 43. c4 g4 44. c5 Rxe5 45. b4 Kd4 46. c6 Re6 47. Rb3
Rxc6+ 48. Kb2 f2 49. Rd1 Rc2+ 50. Ka3 Rc3 51. Rxc3 Kxc3 0-1

[Event "32. Münsterland Open"]
[Site "Senden, Deutschland"]
[Date "2014.10.16"]
[Round "7.3"]
[White "Karpatchev, Aleksandr"]
[Black "Rott, Georg"]
[Result "1-0"]
[WhiteElo "2442"]
[BlackElo "2175"]
[PlyCount "35"]
[EventDate "2014.??.??"]
[WhiteTeam "SF Bad Mergentheim"]
[BlackTeam "SK Münster"]

1. e4 e6 2. d4 d5 3. Nd2 c5 4. exd5 Qxd5 5. Ngf3 cxd4 6. Bc4 Qd6 7. O-O Nf6 8.
Nb3 Nc6 9. Nbxd4 Nxd4 10. Nxd4 a6 11. Re1 Qc7 12. Bf1 Be7 13. Qf3 O-O 14. Bf4
Qc5 15. c3 Qd5 16. Qd1 Bd6 17. c4 Qc5 18. Nb3 1-0

[Event "32. Münsterland Open"]
[Site "Senden, Deutschland"]
[Date "2014.10.16"]
[Round "7.4"]
[White "Verfürth, Thomas"]
[Black "Gutman, Lev"]
[Result "0-1"]
[WhiteElo "2156"]
[BlackElo "2415"]
[PlyCount "50"]
[EventDate "2014.??.??"]
[WhiteTeam "SK Turm Kleve"]
[BlackTeam "SV Lingen"]

1. c4 Nf6 2. Nc3 d5 3. cxd5 Nxd5 4. g3 Nxc3 5. dxc3 Qxd1+ 6. Kxd1 e5 7. e4 Bc5
8. Bh3 Nd7 9. f3 a5 10. Ke2 Ke7 11. Be3 Bxe3 12. Kxe3 h5 13. Ne2 h4 14. Rad1
Ra6 15. Nc1 Rb6 16. Rd2 hxg3 17. hxg3 Rbh6 18. Rdh2 Nb6 19. g4 Nc4+ 20. Kf2
Nxb2 21. Kg3 Nc4 22. Nb3 b6 23. Nd2 Rxh3+ 24. Rxh3 Rxh3+ 25. Kxh3 Nxd2 0-1

[Event "32. Münsterland Open"]
[Site "Senden, Deutschland"]
[Date "2014.10.16"]
[Round "7.5"]
[White "Kummerow, Heiko"]
[Black "Webb, Laurence"]
[Result "1/2-1/2"]
[WhiteElo "2266"]
[BlackElo "2241"]
[PlyCount "127"]
[EventDate "2014.??.??"]
[WhiteTeam "Recklinghäuser Läufer-Ost"]
[BlackTeam "SK Münster"]

1. e4 e5 2. Nf3 Nc6 3. Bc4 Bc5 4. c3 Nf6 5. d4 exd4 6. e5 d5 7. Be2 Ne4 8. cxd4
Bb4+ 9. Nbd2 O-O 10. O-O Bf5 11. Nb3 a5 12. a3 Be7 13. Be3 a4 14. Nbd2 Bg4 15.
Rc1 f6 16. Nxe4 dxe4 17. Nd2 Bxe2 18. Qxe2 Qd5 19. exf6 Bxf6 20. Qc4 Qxc4 21.
Rxc4 Rfe8 22. d5 Ne7 23. Rxc7 Nxd5 24. Rxb7 Nxe3 25. fxe3 Rab8 26. Rxb8 Rxb8
27. Nxe4 Bxb2 28. Rb1 Be5 29. Rxb8+ Bxb8 30. Nc3 Bd6 31. Nxa4 Bxa3 32. Kf2 Kf7
33. Kf3 Ke6 34. Ke4 Bd6 35. h3 Kf6 36. Nb2 Bc5 37. Nd3 Ba7 38. Nb4 g6 39. Nd5+
Ke6 40. Nb4 Bc5 41. Nc6 Bf8 42. Nd4+ Kd6 43. Nf3 Be7 44. Kf4 Kd5 45. e4+ Kd6
46. Ng5 h5 47. Nf3 Kc6 48. Nd4+ Kd6 49. Nb5+ Ke6 50. e5 Kd5 51. Nc7+ Kc6 52.
Ne6 Kd5 53. Ng5 Ba3 54. Nf3 Bc1+ 55. Kg3 g5 56. h4 Bf4+ 57. Kf2 g4 58. Ne1 Bxe5
59. Ke3 Bd4+ 60. Kf4 Bf2 61. Nf3 gxf3 62. Kxf3 Bxh4 63. g4 hxg4+ 64. Kxg4
1/2-1/2

[Event "32. Münsterland Open"]
[Site "Senden, Deutschland"]
[Date "2014.10.16"]
[Round "7.6"]
[White "Böhm, Jürgen"]
[Black "Torres-Kuckel, Rafael"]
[Result "1/2-1/2"]
[WhiteElo "2172"]
[BlackElo "2259"]
[PlyCount "63"]
[EventDate "2014.??.??"]
[WhiteTeam "SF Brackel"]
[BlackTeam "SV Ahlen"]

1. d4 Nf6 2. Bg5 Ne4 3. Bf4 c5 4. f3 Nf6 5. dxc5 Qa5+ 6. Qd2 Qxc5 7. e4 d6 8.
Nc3 a6 9. O-O-O e5 10. Be3 Qc7 11. f4 Nbd7 12. Nf3 Be7 13. Rg1 exf4 14. Bxf4
Ne5 15. Qd4 Bg4 16. Be2 Rc8 17. h3 Bxf3 18. gxf3 O-O 19. Rd2 b5 20. Bd1 Rfe8
21. Bg5 Qc5 22. Be3 Nc4 23. Nd5 Nh5 24. Nxe7+ Rxe7 25. Qxc5 dxc5 26. Rd5 Nxe3
27. Rxh5 Nc4 28. Be2 Ne5 29. Rhg5 g6 30. Rd1 h6 31. Rgg1 Nc6 32. c3 1/2-1/2

[Event "32. Münsterland Open"]
[Site "Senden, Deutschland"]
[Date "2014.10.16"]
[Round "7.7"]
[White "Müller, Martin"]
[Black "Ljuboschiz, Alexander"]
[Result "1/2-1/2"]
[WhiteElo "2119"]
[BlackElo "2149"]
[PlyCount "71"]
[EventDate "2014.??.??"]
[WhiteTeam "SV Unser Fritz"]
[BlackTeam "SV Würselen"]

1. e4 g6 2. d4 Bg7 3. Nc3 d6 4. Be3 a6 5. Bd3 b5 6. Qd2 Nd7 7. a4 b4 8. Nce2 c5
9. Nf3 Qc7 10. b3 Bb7 11. Rc1 Ngf6 12. c3 Nxe4 13. Bxe4 Bxe4 14. cxb4 Bxf3 15.
gxf3 O-O 16. bxc5 dxc5 17. O-O Qb7 18. dxc5 Ne5 19. Nd4 Rfd8 20. c6 Nxc6 21.
Rxc6 Bxd4 22. Qc2 Bf6 23. Kg2 Rac8 24. Rb6 Qd7 25. Qe4 a5 26. Rb5 Rb8 27. Bb6
Rdc8 28. Rb1 Rb7 29. Rd5 Qe6 30. Bxa5 Qa6 31. Bd2 Rcb8 32. Bf4 Rb4 33. Qe3 e5
34. Bxe5 Qe6 35. Bxb8 Qxd5 36. Bf4 1/2-1/2

[Event "32. Münsterland Open"]
[Site "Senden, Deutschland"]
[Date "2014.10.16"]
[Round "7.8"]
[White "Haselhorst, Helmut"]
[Black "Steinle, Carsten"]
[Result "0-1"]
[WhiteElo "2113"]
[BlackElo "2141"]
[PlyCount "140"]
[EventDate "2014.??.??"]
[WhiteTeam "SC Steinfurt"]
[BlackTeam "SV Ahlen"]

1. Nf3 Nf6 2. c4 e6 3. g3 b6 4. Bg2 Bb7 5. O-O c5 6. Nc3 d6 7. d4 Nbd7 8. b3
Be7 9. Bb2 O-O 10. Rc1 a6 11. Qd3 cxd4 12. Qxd4 Rc8 13. Rfd1 Rc7 14. Ng5 Bxg2
15. Kxg2 Qa8+ 16. Kg1 Nc5 17. Nf3 Rb8 18. Qd2 b5 19. cxb5 axb5 20. Nd4 Nfe4 21.
Nxe4 Nxe4 22. Qe3 Rxc1 23. Rxc1 Bg5 24. f4 Bf6 25. Rc2 Qd5 26. Qd3 Nc5 27. Qd2
b4 28. Nf3 Qxd2 29. Nxd2 Bxb2 30. Rxb2 Kf8 31. Kf2 Ke7 32. Ke3 f5 33. Nc4 Ne4
34. Kd4 Rb5 35. Rc2 g5 36. Ke3 g4 37. Nd2 Nc3 38. Kf2 Rc5 39. Ke1 Ra5 40. Nc4
Rxa2 41. Rxa2 Nxa2 42. Kd2 Nc3 43. Ne3 h5 44. Nc2 Nd5 45. Kd3 h4 46. Ne1 hxg3
47. hxg3 Nc3 48. Nc2 Ne4 49. Nxb4 Nxg3 50. Na2 Kd7 51. Nc3 Kc6 52. Kd4 Nh5 53.
e3 Nf6 54. b4 Nd5 55. Ne2 Nxb4 56. e4 Nc2+ 57. Kd3 Ne1+ 58. Ke3 Kc5 59. exf5
exf5 60. Ng3 Ng2+ 61. Kf2 Nh4 62. Nf1 Kd4 63. Ng3 Kd3 64. Nh5 Ng6 65. Kg3 Ke3
66. Ng7 Ke4 67. Nh5 d5 68. Nf6+ Kd4 69. Nh5 Kc3 70. Ng7 Ne7 0-1

[Event "32. Münsterland Open"]
[Site "Senden, Deutschland"]
[Date "2014.10.16"]
[Round "7.9"]
[White "Zahn, Alina"]
[Black "Peterwitz, Klaus"]
[Result "1/2-1/2"]
[WhiteElo "2024"]
[BlackElo "2125"]
[PlyCount "68"]
[EventDate "2014.??.??"]
[WhiteTeam "SV Empor Erfurt"]
[BlackTeam "SV Bargteheide"]

1. e4 d5 2. exd5 Qxd5 3. Nc3 Qa5 4. d4 c6 5. Bc4 Bf5 6. Bd2 Nf6 7. Nd5 Qd8 8.
Nxf6+ gxf6 9. Nf3 e6 10. c3 Nd7 11. Qe2 Qc7 12. Nh4 Bg6 13. Nxg6 hxg6 14. h4
O-O-O 15. O-O-O Bh6 16. Bxh6 Rxh6 17. g3 f5 18. f4 Kb8 19. Qe3 Nf6 20. Be2 Rhh8
21. Bf3 Rhe8 22. Rhe1 a6 23. Re2 Rd7 24. Red2 Red8 25. Qe5 Qxe5 26. dxe5 Rxd2
27. Rxd2 Rxd2 28. Kxd2 Nh5 29. Bxh5 gxh5 30. Kd3 c5 31. Kc4 b6 32. a4 Kc7 33.
b4 cxb4 34. cxb4 Kc6 1/2-1/2

[Event "32. Münsterland Open"]
[Site "Senden, Deutschland"]
[Date "2014.10.16"]
[Round "7.10"]
[White "Baumann, Stephan"]
[Black "Dahm, Jochen"]
[Result "0-1"]
[WhiteElo "2043"]
[BlackElo "2282"]
[PlyCount "34"]
[EventDate "2014.??.??"]
[WhiteTeam "SK Münster"]
[BlackTeam "SG Bochum"]

1. e4 e5 2. Nf3 d6 3. Nc3 Nf6 4. d4 exd4 5. Nxd4 Be7 6. Bc4 O-O 7. O-O Re8 8.
f4 Bf8 9. Qd3 c6 10. Nf3 b5 11. Bb3 b4 12. Ng5 d5 13. e5 Ba6 14. Qh3 h6 15. Re1
bxc3 16. Nf3 Bc5+ 17. Kh1 Ne4 0-1

[Event "32. Münsterland Open"]
[Site "Senden, Deutschland"]
[Date "2014.10.17"]
[Round "8.1"]
[White "Karpatchev, Aleksandr"]
[Black "Zaragatski, Ilja"]
[Result "1/2-1/2"]
[WhiteElo "2442"]
[BlackElo "2472"]
[PlyCount "86"]
[EventDate "2014.??.??"]
[WhiteTeam "SF Bad Mergentheim"]
[BlackTeam "SF Katernberg"]

1. e4 d6 2. d4 Nf6 3. Nc3 e5 4. Nf3 Nbd7 5. Bc4 exd4 6. Qxd4 Nb6 7. e5 Qe7 8.
O-O dxe5 9. Nxe5 Nxc4 10. Nxc4 Be6 11. Bg5 Qc5 12. Bxf6 Qxd4 13. Bxd4 Bxc4 14.
Rfe1+ Be6 15. Nb5 O-O-O 16. Be5 c6 17. Nd4 Bd7 18. a4 Re8 19. c3 Rg8 20. a5 Be7
21. Nb3 Be6 22. Nd4 Bd7 23. Nb3 Bd8 24. Nc5 Bf5 25. a6 b6 26. Nb7 Be7 27. Nd6+
Bxd6 28. Bxd6 Rxe1+ 29. Rxe1 Rd8 30. Bf4 Bc2 31. f3 Rd1 32. Rxd1 Bxd1 33. Kf2
Bb3 34. Be5 g6 35. Ke3 Bc4 36. Kf4 Bxa6 37. Kg5 h5 38. g4 Be2 39. gxh5 gxh5 40.
Kxh5 Bxf3+ 41. Kg5 Kd7 42. Kf6 Bh5 43. h4 Bg6 1/2-1/2

[Event "32. Münsterland Open"]
[Site "Senden, Deutschland"]
[Date "2014.10.17"]
[Round "8.2"]
[White "Podzielny, Karl-Heinz"]
[Black "Gutman, Lev"]
[Result "1-0"]
[WhiteElo "2451"]
[BlackElo "2415"]
[PlyCount "69"]
[EventDate "2014.??.??"]
[WhiteTeam "SV Letmathe"]
[BlackTeam "SV Lingen"]

1. Nf3 Nf6 2. c4 g6 3. Nc3 d5 4. cxd5 Nxd5 5. h4 Nxc3 6. bxc3 Bg7 7. h5 c5 8.
Rb1 Nc6 9. e3 b6 10. d4 cxd4 11. cxd4 Bf5 12. Rb2 Rc8 13. Bb5 O-O 14. hxg6 hxg6
15. Nh4 Qd5 16. Nxf5 Qxf5 17. O-O e5 18. d5 Nb8 19. Rd2 Rfd8 20. a4 e4 21. d6
Nd7 22. Ba3 Be5 23. Ba6 Rb8 24. Bc4 Nf6 25. f3 Qh5 26. g4 Qh3 27. Rg2 Rbc8 28.
Be2 Rc3 29. Bb2 Rxd6 30. Qe1 Nxg4 31. fxg4 Qxe3+ 32. Qf2 Qxf2+ 33. Rgxf2 Rc5
34. Bxe5 Rxe5 35. Rxf7 1-0

[Event "32. Münsterland Open"]
[Site "Senden, Deutschland"]
[Date "2014.10.17"]
[Round "8.3"]
[White "Pähtz, Thomas"]
[Black "Böhm, Jürgen"]
[Result "1/2-1/2"]
[WhiteElo "2362"]
[BlackElo "2172"]
[PlyCount "55"]
[EventDate "2014.??.??"]
[WhiteTeam "Ilmenauer SV"]
[BlackTeam "SF Brackel"]

1. e4 e6 2. d4 d5 3. Nd2 Nf6 4. e5 Nfd7 5. f4 c5 6. Ngf3 cxd4 7. Nxd4 Nxe5 8.
Nxe6 Bxe6 9. fxe5 Nc6 10. Nf3 Qb6 11. Bd3 Nb4 12. c3 Nxd3+ 13. Qxd3 Be7 14. Be3
Bf5 15. Bxb6 Bxd3 16. Bd4 O-O 17. Kf2 a6 18. Rhe1 Rfe8 19. Rad1 Be4 20. Nd2 Bc2
21. Rc1 Bd3 22. Nf3 Rac8 23. Be3 h6 24. Red1 Be4 25. Nd2 Bd3 26. Nf3 Be4 27.
Nd2 Bd3 28. Nf3 1/2-1/2

[Event "32. Münsterland Open"]
[Site "Senden, Deutschland"]
[Date "2014.10.17"]
[Round "8.4"]
[White "Sazanov, Nikolay E"]
[Black "Kummerow, Heiko"]
[Result "0-1"]
[WhiteElo "2262"]
[BlackElo "2266"]
[PlyCount "90"]
[EventDate "2014.??.??"]
[WhiteTeam "SC Steinfurt"]
[BlackTeam "Recklinghäuser Läufer-Ost"]

1. d4 Nf6 2. e3 g6 3. f4 Bg7 4. Nf3 d6 5. Be2 c5 6. O-O O-O 7. d5 e6 8. c4 exd5
9. cxd5 Re8 10. Nc3 Na6 11. Re1 Nc7 12. a4 a6 13. h3 Bd7 14. a5 Bb5 15. Bd3
Bxd3 16. Qxd3 Nb5 17. Bd2 Rc8 18. e4 c4 19. Qc2 Nxc3 20. Bxc3 Nd7 21. Bxg7 Kxg7
22. Qc3+ Kg8 23. Ra4 Qf6 24. Rxc4 Rxc4 25. Qxc4 Qxf4 26. b3 Qg3 27. Rf1 Nf6 28.
e5 dxe5 29. Nd2 Qe3+ 30. Kh2 Kg7 31. Rxf6 Kxf6 32. Ne4+ Kg7 33. d6 Qd4 34. Qc7
Qxe4 35. d7 Qf4+ 36. Kh1 Qf1+ 37. Kh2 Qf4+ 38. Kh1 Rf8 39. d8=Q Rxd8 40. Qxd8
Qc1+ 41. Kh2 Qc5 42. h4 h5 43. Qd7 Qb4 44. Qd8 Qxb3 45. g3 Qf3 0-1